Fortaleses i debilitats de la gestió local de residus municipals : línies de futur / Grup de Treball de Residus, Xarxa de ciutats i pobles cap a la Sostenibilitat línies de futur / Grup de Treball de Residus, Xarxa de ciutats i pobles cap a la Sostenibilitat
Descripción Física:
[14] p. ; 29 cm
MARC
| LEADER | 00000nam a2200000Ia 4500 | ||
|---|---|---|---|
| 001 | 22785 | ||
| 008 | 160829s2006 xx 000 0 cat d | ||
| 080 | |a FU-58-8 | ||
| 110 | 2 | |a Xarxa de Ciutats i Pobles cap a la Sostenibilitat |9 53477 | |
| 245 | |a Fortaleses i debilitats de la gestió local de residus municipals : |b línies de futur / Grup de Treball de Residus, Xarxa de ciutats i pobles cap a la Sostenibilitat | ||
| 260 | |a Barcelona : |b Diputació de Barcelona. Àrea de Medi Ambient, |c 2006 | ||
| 300 | |a [14] p. ; |c 29 cm | ||
| 650 | 0 | |a Reciclatge (Residus, etc.) |9 26176 | |
| 650 | |a Residus |x Eliminació |9 9511 | ||
| 650 | |a Residus |x Recollida selectiva |9 41202 | ||
| 710 | |a Barcelona (Catalunya : Província). |b Àrea de Medi Ambient |9 52987 | ||
| 901 | |a Arxiu | ||
| 942 | |n 1 | ||
| 952 | |0 0 |1 0 |4 0 |6 FU588 |7 1 |9 52581 |a Arxiu |b Arxiu |d 2016-12-01 |l 0 |o FU-58-8 |p 22785 |r 2016-12-01 00:00:00 |w 2016-12-01 |y ARXIU | ||
| 999 | |c 56430 |d 56430 | ||